01070nam a2200217 a 450000100100000000500170001000800410002704000250006808200150009324501660010826000570027430000170033150000370034850501410038570000330052670000350055904900090059495201130060395201190071699900170083500002605620200930024250.0110228s1991 dr 000 0 spa d aDO-SdBNPbspacBNPHU axxxbR337g00aRegistro genealógico de ejemplares pura sangre de carrera en República Dominicana /cDirectores de la edición Miguel A. Santana R., Luis E. Arcalá Vidal. aSanto Domingo :bStud Book DominicanofTallerc1991. av. ;c25 cm. aLa biblioteca posee el volumen 11 aVol. 1 Arbol genealógico de sementales y madres pura sangre de carrera en la República Dominicana con sus productos desde 1948-1988.1 aSantana R., Miguel A.9529971 aArcalá Vidal, Luis E.952998 aBNPD 0010718PDaPDbPDcHDd2011-02-28iLF1l0oxxx R337gp26056-10r2020-06-25w2020-06-25yLFPDZNo se presta 0010718PDaPDbPDcCTd2011-02-28iLF1l0oxxx R337gp26056-20r2020-06-25te. 2w2020-06-25yLFPDZNo se presta c25548d25548